Khảo sát tình hình sử dụng và xác định độ tiêu hoá thức ăn viên công nghiệp nuôi cá tra ( Pangasianodon hypophthalmus) : Luận văn Thạc sĩ chuyên ngành Nuôi trồng thuỷ sản

Nhằm cung cấp thông tin về tần suất, cách cho ăn và hệ số tiêu tốn thức ăn thực tế ao nuôi cá tra cũng như xác định độ tiêu hoá một số loại thức ăn nuôi cá tra thâm canh

Sparad:
Bibliografiska uppgifter
Huvudupphovsman: Trần, Thanh Tuấn
Materialtyp: Bok
Språk:Undetermined
Publicerad: Cần Thơ Trường Đại học Cần Thơ 2011
Ämnen:
Taggar: Lägg till en tagg
Inga taggar, Lägg till första taggen!
Thư viện lưu trữ: Trung tâm Học liệu Trường Đại học Cần Thơ
LEADER 01210nam a2200217Ia 4500
001 CTU_171110
008 210402s9999 xx 000 0 und d
082 |a 639.31 
082 |b T502 
088 |a 606270 
100 |a Trần, Thanh Tuấn 
245 0 |a Khảo sát tình hình sử dụng và xác định độ tiêu hoá thức ăn viên công nghiệp nuôi cá tra ( Pangasianodon hypophthalmus) : 
245 0 |b Luận văn Thạc sĩ chuyên ngành Nuôi trồng thuỷ sản 
245 0 |c Trần Thanh Tuấn ; Nguyễn Thanh Phương, Trần Lê Cẩm Tú ( Hướng dẫn khoa học ) 
260 |a Cần Thơ 
260 |b Trường Đại học Cần Thơ 
260 |c 2011 
520 |a Nhằm cung cấp thông tin về tần suất, cách cho ăn và hệ số tiêu tốn thức ăn thực tế ao nuôi cá tra cũng như xác định độ tiêu hoá một số loại thức ăn nuôi cá tra thâm canh 
650 |a Nuôi trồng thủy sản,Aquaculture,Fish culture,Nuôi cá 
904 |i Tuyền, Hải 
980 |a Trung tâm Học liệu Trường Đại học Cần Thơ